La identidad costarricense ante los dilemas de la migración diversidad cultural y desigualdad socioeconómica = Costa Rican identity in the face of the dilemmas of migration, cultural diversity and socio-economic inequality /
Se revisan varios análisis teóricos y prácticas en torno al tema de la identidad cultural nacional, en especial cuando la misma se relaciona con la población migrante; así como cuando esta identidad se ve cuestionada por el problema de la desigualdad socioeconómica. Se revisa además, una propuesta n...
সংরক্ষণ করুন:
| প্রধান লেখক: | |
|---|---|
| বিন্যাস: | পাঠ্য |
| বিষয়গুলি: | |
| ট্যাগগুলো: |
ট্যাগ যুক্ত করুন
কোনো ট্যাগ নেই, প্রথমজন হিসাবে ট্যাগ করুন!
|
MARC
| LEADER | 00000 a a2200000 04500 | ||
|---|---|---|---|
| 001 | 45086 | ||
| 003 | |||
| 040 | |||
| 100 | |a Pacheco Hernández, Daniel | ||
| 245 | |a La identidad costarricense ante los dilemas de la migración diversidad cultural y desigualdad socioeconómica = |b Costa Rican identity in the face of the dilemmas of migration, cultural diversity and socio-economic inequality / |c Daniel Pacheco Hernández | ||
| 500 | |a zchardin@gmail.com | ||
| 520 | |a Se revisan varios análisis teóricos y prácticas en torno al tema de la identidad cultural nacional, en especial cuando la misma se relaciona con la población migrante; así como cuando esta identidad se ve cuestionada por el problema de la desigualdad socioeconómica. Se revisa además, una propuesta nueva sobre el tema proveniente del fundamentalismo y el materialismo cultural, finalmente se concluye con algunas reflexiones sobre la necesidad de concretar una epistemología propia que permita abarcar este y otros problemas de importancia para las ciencias sociales. | ||
| 590 | |a KSR/NOVIEMBRE2013 | ||
| 650 | |a DESIGUALDAD SOCIAL | ||
| 650 | |a IDENTIDAD CULTURAL | ||
| 650 | |a DIVERSIDAD CULTURAL | ||
| 650 | |a MIGRACION | ||
| 650 | |a ANALISIS DE LA INFORMACION | ||
| 650 | |a PROBLEMAS SOCIALES | ||
| 773 | |g volumen92, número2 (2013), páginas 23-33 | ||
| 999 | |c 21409 |d 21409 | ||
